| 000 | 00592nam a2200193Ia 4500 | ||
|---|---|---|---|
| 003 | GCL | ||
| 008 | 140319s9999 xx 000 0 ara d | ||
| 040 |
_aGCL / _cGCL |
||
| 082 | 0 | 4 |
_a953.022 _bا ح |
| 100 | 1 | _aالياس شوفانى | |
| 245 | 1 | 0 |
_aحروب الردة?: دراسة نقدية فى المصادر / _cالياس شوفانى |
| 300 | _a224 ص | ||
| 490 |
_aالهيئة العامة للاستعلامات _v0 |
||
| 650 | 0 | 4 | _aالاسلام |
| 650 | 0 | 4 | _aالتاريخ الاسلامى |
| 650 | 0 | 4 | _aالتاريخ |
| 650 | 0 | 4 | _aحروب الردة |
| 942 |
_2ddc _cBK |
||
| 999 |
_c49122 _d49122 |
||